Kavi- vilasith/ (Record no. 67931)

000 -LEADER
fixed length control field 00376nam a22001457a 4500
082 ## - DEWEY DECIMAL CLASSIFICATION NUMBER
Classification number H1
Item number RAM/K
100 ## - MAIN ENTRY--AUTHOR NAME
Personal name Ramchandru Sastri
245 ## - TITLE STATEMENT
Title Kavi- vilasith/
Statement of responsibility, etc by Ramchandru Sastri
260 ## - PUBLICATION, DISTRIBUTION, ETC. (IMPRINT)
Place of publication Jaipur:
Name of publisher Ramchandru Sastri Smruthi-Janmandgal Pranyas,
Year of publication 2016.
300 ## - PHYSICAL DESCRIPTION
Number of Pages 80p.
650 ## - SUBJECT ADDED ENTRY--TOPICAL TERM
Topical Term Poetry Hindi
650 ## - SUBJECT ADDED ENTRY--TOPICAL TERM
Topical Term Literature Hindi
650 ## - SUBJECT ADDED ENTRY--TOPICAL TERM
Topical Term Literature
942 ## - ADDED ENTRY ELEMENTS (KOHA)
Koha item type Book
Holdings
Withdrawn status Lost status Damaged status Not for loan Permanent Location Current Location Shelving location Date acquired Cost, normal purchase price Full call number Accession Number Price effective from Koha item type
        Sree Sankaracharya University of Sanskrit Sree Sankaracharya University of Sanskrit Stacks 19.09.2017 100.00 H1 RAM/K 085199 19.09.2017 Book